Pour une lecture-Ecriture (Litterature et pedagogie) (Record n. 65893)
[ formato base ]
| 000 -LEADER | |
|---|---|
| fixed length control field | 01132nam a2200301Ia 4500 |
| 001 - CONTROL NUMBER | |
| control field | 37983 |
| 003 - CONTROL NUMBER IDENTIFIER | |
| control field | IT-RoPAU |
| 008 - FIXED-LENGTH DATA ELEMENTS--GENERAL INFORMATION | |
| fixed length control field | 130308s9999 xx 000 0 und d |
| 040 ## - CATALOGING SOURCE | |
| Original cataloging agency | IT-RoPAU |
| 040 ## - CATALOGING SOURCE | |
| Transcribing agency | IT-RoPAU |
| 041 ## - LANGUAGE CODE | |
| Language code of text/sound track or separate title | FRANCESE |
| 999 ## - SYSTEM CONTROL NUMBERS (KOHA) | |
| Koha Dewey Subclass [OBSOLETE] | SI |
| 100 ## - MAIN ENTRY--PERSONAL NAME | |
| Personal name | Goldenstein Jean-Pierre |
| 100 ## - MAIN ENTRY--PERSONAL NAME | |
| Miscellaneous information | Codice Aut. SPICS: 5958 |
| 245 ## - TITLE STATEMENT | |
| Title | Pour une lecture-Ecriture (Litterature et pedagogie) |
| 245 ## - TITLE STATEMENT | |
| Remainder of title | Pour Une Lecture-Ecriture (Litterature et Pedagogie) |
| 250 ## - EDITION STATEMENT | |
| Edition statement | 1a ed. |
| 260 ## - PUBLICATION, DISTRIBUTION, ETC. (IMPRINT) | |
| Place of publication, distribution, etc. | BRUXELLES/P. |
| 260 ## - PUBLICATION, DISTRIBUTION, ETC. (IMPRINT) | |
| Name of publisher, distributor, etc. | De Boeck/Duculot |
| 260 ## - PUBLICATION, DISTRIBUTION, ETC. (IMPRINT) | |
| Date of publication, distribution, etc. | 1985 [1° Ed.:1985 - Ed.Ling.Originale:1985] |
| 300 ## - PHYSICAL DESCRIPTION | |
| Extent | "220 p. (prefazione: no ; testo: 220)" |
| 500 ## - GENERAL NOTE | |
| General note | Pratiche del Discorso Narrativo Discorso della Scuola su Mateo Falcone Michel Strogoff iniziazione al Racconto Pratiche del Discorso Poetico Oggetto Poetico testo Poetico Forma Poetica Pratiche di Scrittura Grammatica di testo per la Composizione Francese Macchine da Scrivere Testi Francofoni Letteratura e Pedagogia |
| 650 ## - SUBJECT ADDED ENTRY--TOPICAL TERM | |
| Topical term or geographic name as entry element | SAGGI DI LINGUISTICA |
| 650 ## - SUBJECT ADDED ENTRY--TOPICAL TERM | |
| Relator term | Codice materia Spics: 3207 |
| 942 ## - ADDED ENTRY ELEMENTS (KOHA) | |
| Koha item type | LIBRO |
| 957 ## - | |
| -- | 1 |
| 999 ## - SYSTEM CONTROL NUMBERS (KOHA) | |
| -- | 1 |
| Withdrawn status | Lost status | Damaged status | Not for loan | Home library | Current library | Date acquired | Total Checkouts | Full call number | Date last seen | Price effective from | Koha item type | Public note |
|---|---|---|---|---|---|---|---|---|---|---|---|---|
| Buone Condizioni | Not For Loan | SPICS-MEDIATECA | SPICS-MEDIATECA | 08/03/2013 | 37983 | 08/03/2013 | 08/03/2013 | LIBRO | Progressivo inserimento: 4271 / N. Volumi: 1 Copie: 1 Copia Rara: SI / data import: 1 marzo 2013 - By Epidotti, Trombetti, Vaglietti. |